Les pays américains par les 2 premières lettres - Statistiques

Statistiques générales
  • Ce quiz a été pris 1 834 fois
  • Le résultat moyen est 25 sur 35
Réponses sur la Carte
Les réponses sont colorées sur une échelle allant du rouge au vert en fonction du pourcentage des utilisateurs qui les ont devinées à leur premier essai. Vous pouvez retrouver ces pourcentages ci-dessous.
 
Statistiques - réponses
Country % Correct
Canada
98%
Etats-Unis
97%
Brésil
96%
Mexique
96%
Argentine
92%
Chili
90%
Panama
89%
Paraguay
89%
Colombie
88%
Costa Rica
88%
Guatemala
85%
Guyana
85%
Pérou
85%
Uruguay
81%
Cuba
80%
Venezuela
80%
Bolivie
79%
Équateur
75%
Suriname
68%
Salvador
65%
St-Christophe- et-Niévès
65%
Ste-Lucie
65%
St-Vincent- et-les- Grenadines
65%
Haïti
61%
Nicaragua
61%
Honduras
60%
Bahamas
58%
Barbade
58%
Belize
58%
République dominicaine
55%
Jamaïque
54%
Dominique
38%
Antigua-et- Barbuda
33%
Grenade
28%
Trinité-et- Tobago
26%
Aucun quiz correspondant
Distribution des résultats
% des personnes avec chaque résultat
Percentile par nombre de réponses
Votre historique - résultats
Vous n’avez pas pris ce quiz